| 000 | 00431nam a2200169Ia 4500 | ||
|---|---|---|---|
| 008 | 221030s9999 xx 000 0 und d | ||
| 020 | _a00746331136 | ||
| 041 | _aEnglish | ||
| 082 |
_a105.23 _bTre |
||
| 100 | _aJ. P. Trembly | ||
| 245 | 0 | _aDiscrete Mathematical Structures With Application to Computer Science | |
| 260 |
_bTMH _aNew Delhi _c2004 |
||
| 300 | _a608 | ||
| 650 | _aComputers | ||
| 700 | _aR. Manohar | ||
| 942 | _cBK | ||
| 999 |
_c8693 _d8693 |
||